01052nam a2200289Ia 450000500170000000800410001702000190005808200140007710000370009124501450012825000390027330000270031249000270033950000410036653400320040765000310043965000400047065000240051070000520053494200120058626400260059833600270062433700330065133800280068404000350071299900150074720220317001130.0160825s9999 xx 000 0 und d a9788420655701204a193bS13s1 aSchopenhauer, Arthur d1788-186010aSobre la voluntad en la naturalezacArthur Schopenhauer ; traducido por Miguel de Unamuno ; prólogo y notas de Santiago González Noriega a1a. edición b2a. reimpresión  a209 páginas c18 cm  aHumanidadespfilosofia aIncluye notas y cuadro cronológico tUber die wille in der natur142LEMBaFilosofía alemana 142LEMBaFilosofía de la naturaleza 142LEMBaMetafísica 1 aUnamuno, Miguel ded1864-1936etraductor966573 2ddccBK aMadridbAlianzac2009 atextobtxt2rdacontent asin mediaciónbn2rdamedia avolumenbnc2rdacarrier aCO-BoRNBPbspaerdacCO-BoRNBP c6019d6019